000 00417nam a2200193Ia 4500
001 11567
003 GE_BSU
008 181216s||||||||xx |||||||||||||| ||und||
020 _a9780140271805
040 _cGE_BSU
100 _aKeyes,marian
245 _aLast Chance Saloon
260 _aLondon
260 _bPenguin Books
260 _c1999
300 _a596p;18cm.
653 _aLast Chance Saloon
942 _cBK
999 _c44762
_d44762